When Were They Born? Click Quiz #4 - Statistics

General Stats
  • This quiz has been taken 47 times
  • The average score is 13 of 30
Answer Stats
Hint Answer % Correct
Cristiano Ronaldo 1980s
83%
Bill Gates 1950s
70%
Emma Watson 1990s
70%
Leonardo DiCaprio 1970s
67%
Miley Cyrus 1990s
67%
Steve Jobs 1950s
57%
J. K. Rowling 1960s
57%
Pope Francis 1930s
50%
Whitney Houston 1960s
50%
Martin Luther King Jr. 1920s
47%
Stephen Hawking 1940s
47%
Shakira 1970s
47%
Neymar 1990s
47%
George W. Bush 1940s
43%
Elon Musk 1970s
43%
Novak Djokovic 1980s
43%
George Orwell 1900s
40%
Steven Spielberg 1940s
40%
François Hollande 1950s
40%
Kim Jong-un 1980s
40%
Alan Turing 1910s
37%
Fidel Castro 1920s
37%
Mikhail Gorbachev 1930s
37%
Mother Teresa 1910s
33%
Kofi Annan 1930s
30%
Michael Schumacher 1960s
30%
Gabriel García Márquez 1920s
27%
Jean-Paul Sartre 1900s
23%
Enrico Fermi 1900s
23%
Akira Kurosawa 1910s
23%
No matching quizzes found
Score Distribution
Percent of People with Each Score
Percentile by Number Answered
Your Score History
You have not taken this quiz